00253pam a2200097 a 4500020000500000041000500005100002800010245006900038260003900107300000900146 c h aVandana Shiva,eAuthor. aBiopiracy The Plunder of Nature and KnowledgehTextual Documents a[s.l]:bNatraj Publisher Dehar Dun a148.